Europa, fin de siglo / (Record no. 122868)

MARC details
000 -LEADER
campo de control de longitud fija 01174 a2200301 4500
003 - IDENTIFICADOR DE NÚMERO DE CONTROL
campo de control BJBSDDR
005 - FECHA Y HORA DE LA ÚLTIMA TRANSACCIÓN
campo de control 20250305170207.0
007 - CAMPO FIJO DE DESCRIPCIÓN FÍSICA--INFORMACIÓN GENERAL
campo de control de longitud fija ta
008 - DATOS DE LONGITUD FIJA--INFORMACIÓN GENERAL
campo de control de longitud fija 250224s1995 sp 00| 0 spa d
020 ## - NÚMERO INTERNACIONAL ESTÁNDAR DEL LIBRO
Número Internacional Estándar del Libro 9788425909900
020 ## - NÚMERO INTERNACIONAL ESTÁNDAR DEL LIBRO
Número Internacional Estándar del Libro 8425909902
040 ## - FUENTE DE CATALOGACIÓN
Lengua de catalogación spa
Centro/agencia transcriptor BJBSDDR
041 ## - CÓDIGO DE IDIOMA
Código de lengua del texto/banda sonora o título independiente spa
050 14 - SIGNATURA TOPOGRÁFICA DE LA BIBLIOTECA DEL CONGRESO
Número de clasificación 300 D 1060
Número de ítem W422e 1995
100 1# - ENTRADA PRINCIPAL--NOMBRE DE PERSONA
Nombre de persona Weiler, Joseph H. H.
Forma completa/desarrollada del nombre (Joseph Halevi Horowitz),
Fechas asociadas al nombre 1951-
9 (RLIN) 40792
245 10 - MENCIÓN DEL TÍTULO
Título Europa, fin de siglo /
Mención de responsabilidad, etc. Joseph Weiler ; Prólogo de Francisco Rubio Llorente.
260 ## - PUBLICACIÓN, DISTRIBUCIÓN, ETC.
Lugar de publicación, distribución, etc. Madrid :
Nombre del editor, distribuidor, etc. Centro de Estudios Constitucionales,
Fecha de publicación, distribución, etc. 1995.
300 ## - DESCRIPCIÓN FÍSICA
Extensión 207 páginas ;
Dimensiones 22 cm.
440 0# - MENCIÓN DE SERIE/PUNTO DE ACCESO ADICIONAL--TÍTULO
Título Cuadernos y debates ;
9 (RLIN) 11498
Designación de volumen o secuencia 59
505 0# - NOTA DE CONTENIDO CON FORMATO
Nota de contenido con formato 1. La transformación de Europa - 2. Viaje a lo desconocido: pasado y futuro del Tribunal de Justicia en el campo de la integración política - 3. Europa después de Maastricht
650 #4 - PUNTO DE ACCESO ADICIONAL DE MATERIA--TÉRMINO DE MATERIA
Término de materia o nombre geográfico como elemento de entrada Federación Europea
9 (RLIN) 5716
650 #4 - PUNTO DE ACCESO ADICIONAL DE MATERIA--TÉRMINO DE MATERIA
Término de materia o nombre geográfico como elemento de entrada Historia constitucional
9 (RLIN) 2139
Subdivisión geográfica Europa
Subdivisión cronológica Siglo XX
650 #4 - PUNTO DE ACCESO ADICIONAL DE MATERIA--TÉRMINO DE MATERIA
Término de materia o nombre geográfico como elemento de entrada Integración económica
9 (RLIN) 4834
Subdivisión geográfica Europa
651 #4 - PUNTO DE ACCESO ADICIONAL DE MATERIA--NOMBRE GEOGRÁFICO
Nombre geográfico Europa
Subdivisión general Historia
9 (RLIN) 7020
700 1# - ENTRADA AGREGADA--NOMBRE PERSONAL
Nombre de persona Rubio Llorente, Francisco,
Fechas asociadas al nombre 1930-2016
9 (RLIN) 28061
Término indicativo de función/relación prologuista
942 ## - ELEMENTOS DE ENTRADA SECUNDARIOS (KOHA)
Fuente del sistema de clasificación o colocación Clasificación de Library of Congress
Tipo de ítem Koha Libro
946 ## - PROCESAMIENTO DE INFORMACIÓN LOCAL (OCLC)
Iniciales del agente catalogador rmza
Holdings
Estatus retirado Estado de pérdida Fuente del sistema de clasificación o colocación Estado de daño No para préstamo Colección Biblioteca de origen Biblioteca actual Ubicación en estantería Fecha de adquisición Signatura topográfica completa Código de barras Visto por última vez Copia número Tipo de ítem Koha
    Clasificación de Library of Congress     Recursos Regionales Biblioteca Juan Bosch Biblioteca Juan Bosch Recursos Regionales (2do. Piso) 24/02/2025 300 D 1060 W422e 1995 00000188707 24/02/2025 1 Libro